000 00698nam a2200253Ia 4500
003 OSt
005 20220918210625.0
006 a|||||r|||| 00| 0
007 ta
008 220917b |||||||| |||| 00| 0 eng d
024 _a121,176
037 _cTextual
040 _aARTS
_cARTS
_beng
041 _2eng
_aeng
082 _aV79:195.N8<-N3, M5
100 _aDuran E Peranza
_9118766
245 0 _aEuropean interest in Latin America
260 _aLondon
_bRoutledge and Kegan Paul
_c1985
300 _aix, 110p.
_ccm.
490 _aChatham house papers; 28
650 _aHISTORY
942 _hV79:195.N8<-N3, M5
_cTEXL
_2CC
999 _c244405
_d244405